Geese of America - Statistics

General Stats
  • This quiz has been taken 10 times
  • The average score is 8 of 14
Answer Stats
Scientific Goose Name Common Goose Name % Correct
Branta canadensis Canada Goose
100%
Anser rossii Ross's Goose
86%
Branta hutchinsii Cackling Goose
71%
Anser caerulescens Snow Goose
71%
Branta leucopsis Barnacle Goose
57%
Anser canagicus Emperor Goose
57%
Anser albifrons Greater White-Fronted Goose
57%
Branta sandvicensis Hawaiian Goose
57%
Anser serrirostris Tundra Bean-Goose
57%
Branta bernicla Brant
43%
Anser anser Graylag Goose
43%
Anser erythropus Lesser White-Fronted Goose
43%
Anser brachyrhynchus Pink-Footed Goose
43%
Anser fabalis Taiga Bean-Goose
43%
No matching quizzes found
Score Distribution
Percent of People with Each Score
Percentile by Number Answered
Your Score History
You have not taken this quiz